000
00304nam a22001217a 4500
082
_a
346.5491
_b
COP
245
_a
The Copyright Ordinance, 1962:
_b
P.L.H Bare Act Series.
260
_a
Lahore:
_b
Pakistan Law House,
_c
2022.
300
_a
420p. ;
563
_a
HB
650
_a
Law
_9
35302
942
_2
ddc
_c
BK
999
_c
613054
_d
613054